00418 a2200109 4500082001000000100001700010245006900027260008200096300003400178500003900212856005700251 aMIT-2 a Awais Hamid aOptimization of Semantic Caching for XML Databasesc Awais Hamid aIsalamabad,bNUST School of Electrical Engineering & Computer Science,c2005. a xi, 48 p. :b ill. ;c27 cm. aSupervisor : Dr. Sharifullah Khan. uhttp://10.250.8.41:8080/xmlui/handle/123456789/31911